Jak określamy kształt makaronu w zależności od tego, co przypomina? - Statystyki

Ogólne statystyki
  • Ten quiz został rozwiązany 17 razy
  • Średni wynik to 5 z 7
Statystyki odpowiedzi
Odpowiedź % Poprawnych
Kokardki
94%
Nitki
88%
Rurki
88%
Świderki
88%
Muszelki
69%
Kolanka
50%
Wstążki
44%
Nie znaleziono quizów pasujących do podanych kryteriów
Rozkład punktacji
Procent ludzi z każdym wynikiem
Percentyl według liczby udzielonych odpowiedzi
Twoja historia wyników
Nie rozwiązałeś tego quizu